|
|
|
|
| LEADER |
00000cam a2200000 ca4500 |
| 001 |
1091994048 |
| 003 |
DE-627 |
| 005 |
20220514130234.0 |
| 007 |
tu |
| 008 |
901022n15uuuuuuxx ||||| 00| ||lat c |
| 035 |
|
|
|a (DE-627)1091994048
|
| 035 |
|
|
|a (DE-576)021994048
|
| 035 |
|
|
|a (DE-599)BSZ021994048
|
| 040 |
|
|
|a DE-627
|b ger
|c DE-627
|e rakwb
|
| 041 |
|
|
|a lat
|
| 100 |
1 |
|
|0 (DE-588)118518836
|0 (DE-627)139326642
|0 (DE-576)162533489
|4 aut
|a Canisius, Petrus
|d 1521-1597
|
| 109 |
|
|
|a San Pietro Canisio 1521-1597
|a Kanisius, Peter de Hondt 1521-1597
|a Kanisius, Petr 1521-1597
|a Cansius, Petrus 1521-1597
|a Kanisius, Petrus 1521-1597
|a Canisius, Pierre 1521-1597
|a Noviomagus, Petrus 1521-1597
|a Canisio, Pietro 1521-1597
|a Fabre, Pierre 1521-1597
|a Fabri, Petrus 1521-1597
|a Canisio, Pedro 1521-1597
|a Noviomagus, Petrus Canisius 1521-1597
|a Kanis, Pieter 1521-1597
|a Canisius, Petrus 1521-1597
|a Kanijs, Pieter 1521-1597
|a Kanis, Peter 1521-1597
|a Kanisius, Peter 1521-1597
|a Peter Canisius 1521-1597
|a Canis, Petrus 1521-1597
|a Canisius, Peter 1521-1597
|a Kanisij, Peter 1521-1597
|a Petrus Canisius 1521-1597
|a Hondt Kanisius, Peter de 1521-1597
|a Canisio,Pedro 1521-1597
|a Noviomagus, Petrus C. 1521-1597
|a Canisius, Petrus Heiliger 1521-1597
|a Canisius, Petrus Saint 1521-1597
|a Kanizjusz, Piotr 1521-1597
|a Canisius, Pierre saint 1521-1597
|a Hondt, Pieter de 1521-1597
|a Peter Kanisij 1521-1597
|a Canysius, Petrus 1521-1597
|a Canisius, Peter saint 1521-1597
|
| 190 |
|
|
|j 1571
|
| 245 |
1 |
0 |
|a Commentariorvm de verbi dei corrvptelis liber ...
|c autore Petro Canisio
|
| 246 |
1 |
|
|i Ansetzungssachtitel
|a Commentarii de verbi dei corruptelis
|
| 246 |
3 |
0 |
|a commentaria
|
| 250 |
|
|
|a Nunc primum editus
|
| 264 |
|
1 |
|a Dilingae
|b excudebat Sebaldus Mayer
|c 15XX-
|
| 336 |
|
|
|a Text
|b txt
|2 rdacontent
|
| 337 |
|
|
|a ohne Hilfsmittel zu benutzen
|b n
|2 rdamedia
|
| 338 |
|
|
|a Band
|b nc
|2 rdacarrier
|
| 500 |
|
|
|a Der erste Teil dieser 1. Aufl. erschien in Dillingen bei Sebald Mayer 1571 in Quarto und im Neudruck 1572 in Octavo , der 2. Teil in Ingolstadt bei David Sartorius in Quarto
|
| 510 |
3 |
|
|a Bucher-320
|
| 510 |
3 |
|
|a Stalla-1344
|
| 751 |
|
|
|a Dillingen a.d. Donau
|0 (DE-588)4012328-5
|0 (DE-627)106348930
|0 (DE-576)208897933
|4 pup
|
| 751 |
|
|
|a Ingolstadt
|0 (DE-588)4026991-7
|0 (DE-627)106286447
|0 (DE-576)208968733
|4 pup
|
| 935 |
|
|
|e Bucher-320
|f s
|
| 935 |
|
|
|e Stalla-1344
|f s
|
| 951 |
|
|
|a MC
|
| ELC |
|
|
|b 1
|
| ORI |
|
|
|a SA-MARC-ixtheob001.raw
|
| SPR |
|
|
|a 1
|t IXT
|